Return-risk Profile of Slovak Pension Funds

Analýza rizika návratnosti v slovenskom dôchodkovom systéme.

Salvato in:
Dettagli Bibliografici
Autore principale: Chovancová, Božena
Altri autori: Hudcovský, Jaroslav
Natura: Capitolo di libro
Lingua:inglese
Soggetti:
Tags: Aggiungi Tag
Nessun Tag, puoi essere il primo ad aggiungerne!!

MARC

LEADER 00000nla a2200000 4500
001 0226566
005 20240502083606.7
041 0 |a eng 
044 |a RO 
245 1 0 |a Return-risk Profile of Slovak Pension Funds  |c Božena Chovancová, Jaroslav Hudcovský 
520 |a Analýza rizika návratnosti v slovenskom dôchodkovom systéme. 
610 2 0 |a riziko finančné 
610 2 0 |a návratnosť investícií 
610 2 0 |a fondy penzijné 
610 2 0 |a Slovensko 
610 2 0 |a systémy dôchodkové 
100 1 |a Chovancová, Božena 
700 1 |a Hudcovský, Jaroslav